Представление документа в формате MARC21

Поле Инд. ПП Название Значение
Тип записи a
Библиографический уровень b
001 Контрольный номер RU/IS/BASE/431456255
005 Дата корректировки 20210204173801.6
008 Кодируемые данные 20130902
040 b Код языка каталог. rus
e Правила каталог. PSBO
041 0_ a Код языка текста rus
084 a Индекс другой классификации/Индекс ББК 60.561.9; 74.484.72(2Рос)
245 10 a Заглавие Заочное высшее профессиональное образование в России: общая характеристика (2005 - 2010 гг.)
c Ответственность подгот. публ. О. К. Озеровой и В. В. Кобыщей
520 a Аннотация Охарактеризована ситуация в сфере российского заочного высшего профессионального образования, рассмотрена ее динамика, выделены некоторые значимые факторы, которые влияют на ее изменение. Для этого, во-первых, продемонстрировано изменение общей численности заочных студентов образовательтных учреждений высшего профессионального образования, прием студентов и выпуска специалистов по сравнению с другими формами обучения. Во-вторых, прослежена зависимость изменения объема заочного обучения от сдвигов в структуре коммерческого высшего профессионального образования. И в-третьих, описаны половозрастные характеристики студентов-заочников.
650 a Основная рубрика высшее образование
a Основная рубрика образование
a Основная рубрика профессиональное образование
a Основная рубрика социология
a Основная рубрика социология образования
653 a Ключевые слова высшее профессиональное образование
a Ключевые слова государственные образовательные учреждения
a Ключевые слова заочная форма обучения
a Ключевые слова качество образования
a Ключевые слова муниципальные образовательные учреждения
a Ключевые слова направления обучения
a Ключевые слова негосударственные образовательные учреждения
a Ключевые слова обучение
a Ключевые слова оценка результатов
a Ключевые слова подготовка специалистов
a Ключевые слова половозрастной состав
a Ключевые слова Россия
a Ключевые слова статистика образования
a Ключевые слова студенты
a Ключевые слова численность студентов
700 a Автор Озерова О. К.
e Роль лиц автор подготовки публикации
700 1_ a Автор Кобыщая В. В.
e Роль лиц автор подготовки публикации
773 08 t Заглавие источника Вопросы образования
d Дата издания источника 2012
g Прочая информация № 1. - С. 246 - 256 : табл., диагр., граф.
w Контрольный № источника RU/IS/BASE/391019532
901 t Тип документа b